| 000 | 00403cam a2200169ua 4500 | ||
|---|---|---|---|
| 020 | _cRs.25/60 | ||
| 041 |
_aeng _h |
||
| 082 |
_a330.32 _bDOB/ST |
||
| 100 | _aDobb, Maurice . | ||
| 245 | _astudies in the devolopment of capitalism | ||
| 260 |
_a : _bRoutledge & kegan paul Ltd , _c1959. |
||
| 300 | _a396 ; . | ||
| 365 | _aRs.25/60 | ||
| 504 | _a | ||
| 942 | _cBK | ||
| 999 |
_c11221 _d11221 |
||